000 00703nam a22002532 4500
001 0000002390
003 OSt
005 20230123161955.0
008 070410s xx 000 0 eng d
020 _a1844806782
040 _aKABU
_cKABU
050 0 _aHF5667
_b.G73 2015
100 1 _aGray, Iain.
245 1 4 _aThe Audit process :
_bprinciples, practice and cases /
_cIain Gray, Stuart Manson, & Crawford, Louise
250 _a6th ed.
260 _aLondon :
_bThomson,
_c2015.
300 _axxiii, 920p.
650 0 _aAuditing.
700 1 _aManson, Stuart.
700 1 _aCrawford, Louise
908 _a070410
942 _2lcc
_cBK
999 _c19859
_d19858